Короли и королевы Великобритании - Statistics

General Stats
  • This quiz has been taken 86 times
  • The average score is 11 of 21
Answer Stats
Намекать Answer % Correct
1952-2022 гг. Елизавета 2
90%
2022-н.в. Карл 3
75%
1837-1901 Виктория
75%
1625-1649 Карл 1
72%
1660-1685 Карл 2
71%
1714-1727 Георг 1
63%
1760-1820 гг. Георг 3
63%
1910-1936 Георг 5
63%
1727-1760 Георг 2
62%
1820-1830 Георг 4
62%
1936-1952 Георг 6
59%
1901-1910 Эдуард 7
49%
1936 год Эдуард 8
49%
1603-1625 Яков 1
43%
1702-1714 гг. Анна
41%
1685-1689 Яков 2
38%
1830-1837 Вильгельм 4
31%
1689-1694 Мария 2
25%
1653-1658 Оливер Кромвель
25%
1658-1659 Ричард Кромвель
12%
1689-1702 Вильгельм 3 Оранский
9%
No matching quizzes found
Score Distribution
Percent of People with Each Score
Percentile by Number Answered
Your Score History
You have not taken this quiz